[Event "XVI Carlos Torre Mem KO"]
[Site "Merida MEX"]
[Date "2003.12.18"]
[Round "2.5"]
[White "Quezada,Y"]
[Black "Nisipeanu,LD"]
[Result "1-0"]
[WhiteElo "2475"]
[BlackElo "2675"]
[EventDate "2003.12.18"]

1. e4 g6 2. d4 Bg7 3. Nc3 c6 4. Be3 d5 5. f3 Qb6 6. Qd2 Qxb2 7. Rb1 Qa3 8.
exd5 Nf6 9. Bc4 O-O 10. dxc6 Nxc6 11. Nge2 Qa5 12. O-O Rd8 13. d5 Ne5 14.
Bb3 e6 15. Bf4 Nxd5 16. Bxd5 exd5 17. Rb5 Qa3 18. Rxd5 Rxd5 19. Qxd5 Qe7
20. Nd4 Be6 21. Nxe6 fxe6 22. Qb3 Rc8 23. Ne4 Nc4 24. Kh1 Qd7 25. Bg5 b5
26. Qb4 a5 27. Qb1 Na3 28. Qb3 Nxc2 29. Bf6 Nd4 30. Qb2 e5 31. Bxg7 Kxg7
32. Qd2 Qc7 33. Qg5 Rf8 34. Rc1 Qb8 35. Ng3 Qd6 36. Re1 Qf6 37. Nh5+ Kh8
38. Nxf6 1-0

[Event "XVI Carlos Torre Mem KO"]
[Site "Merida MEX"]
[Date "2003.12.19"]
[Round "3.1"]
[White "Gelfand,B"]
[Black "Quezada,Y"]
[Result "0-1"]
[WhiteElo "2703"]
[BlackElo "2475"]
[EventDate "2003.12.17"]

1. Nf3 Nf6 2. c4 e6 3. d4 b6 4. g3 Bb7 5. Bg2 Be7 6. Nc3 O-O 7. O-O Ne4 8.
Bd2 c5 9. Ne5 Nxc3 10. Bxc3 Bxg2 11. Kxg2 d6 12. Ng4 Nd7 13. d5 Nf6 14. Ne3
Re8 15. Qd3 Bf8 16. Rad1 Rb8 17. dxe6 fxe6 18. Rd2 Qe7 19. Bxf6 gxf6 20. f4
f5 21. g4 fxg4 22. Nxg4 Kh8 23. Rf3 Qh4 24. Rg3 Rb7 25. Qc3+ Rg7 26. Nf6
Ree7 27. Rdd3 e5 28. Nd5 exf4 29. Nxf4 Qxf4 30. Rdf3 Qe4 31. Kg1 Kg8 0-1

[Event "XVI Carlos Torre Mem KO"]
[Site "Merida MEX"]
[Date "2003.12.19"]
[Round "3.1"]
[White "Filippov,Va"]
[Black "Zapata,A"]
[Result "1-0"]
[WhiteElo "2630"]
[BlackElo "2472"]
[EventDate "2003.12.17"]

1. Nf3 Nf6 2. c4 d6 3. d4 Nbd7 4. Nc3 c6 5. g3 e5 6. Bg2 Be7 7. Qc2 O-O 8.
O-O Qc7 9. e4 a6 10. Be3 b5 11. cxb5 cxb5 12. Rac1 Qb8 13. Nd5 Nxd5 14.
exd5 e4 15. Qxe4 Nf6 16. Qxe7 Ra7 17. Qxf8+ Kxf8 18. Ne5 Ra8 19. Nc6 Qb7
20. Rfe1 Ne8 21. Bg5 f6 22. Bd2 Bd7 23. a3 Rc8 24. h4 Bf5 25. Re3 Qf7 26.
Rce1 Qh5 27. Ba5 Bg4 28. Re7 g5 29. Bd8 Ng7 30. hxg5 Qxg5 31. R7e4 Bf5 32.
R4e3 Kf7 33. Ba5 Re8 34. Ne7 Qg4 35. Bc7 Bc2 36. Bxd6 Qxd4 37. b4 Qg4 38.
Bc5 Bf5 39. Nxf5 Qxf5 40. Rxe8 Nxe8 41. Re7+ 1-0

[Event "XVI Carlos Torre Mem KO"]
[Site "Merida MEX"]
[Date "2003.12.19"]
[Round "3.2"]
[White "Zapata,A"]
[Black "Filippov,Va"]
[Result "1/2-1/2"]
[WhiteElo "2472"]
[BlackElo "2630"]
[EventDate "2003.12.17"]

1. e4 c5 2. Nf3 Nc6 3. Nc3 Nf6 4. d4 cxd4 5. Nxd4 e5 6. Ndb5 d6 7. Bg5 a6
8. Na3 b5 9. Nd5 Be7 10. Bxf6 Bxf6 11. c3 O-O 12. Nc2 Bg5 13. a4 bxa4 14.
Rxa4 a5 15. Bb5 Bb7 16. Qd3 Ne7 17. Nxe7+ Qxe7 18. O-O Rfd8 19. c4 Qc7 20.
Rfa1 Qb6 21. Re1 g6 22. Ne3 Bxe3 23. Qxe3 Qxe3 24. Rxe3 Rdc8 25. f3 Bc6 26.
Rb3 Bxb5 27. Rxb5 Rab8 28. b3 Rxb5 29. cxb5 f5 30. Rxa5 Kf7 31. Ra7+ Ke6
32. Rxh7 Rb8 33. Rg7 Kf6 34. Rc7 Rxb5 35. Rc3 d5 36. exd5 Rxd5 37. Rc1 Ke6
38. Rc6+ Kf7 39. Rc1 Ke6 40. b4 Kd6 41. Rc8 Rd1+ 42. Kf2 Rd2+ 43. Kg3 f4+
44. Kh3 Ke6 45. g3 Rb2 46. gxf4 Rxb4 47. fxe5 Kxe5 48. Rf8 Ra4 49. Kg3 Rb4
50. h4 Rb1 51. Ra8 Rg1+ 52. Kh2 Rb1 53. Ra4 Kf5 54. Rg4 Ra1 55. Kg2 Rb1 56.
Rg5+ Kf6 57. Ra5 Rc1 58. Kg3 Rb1 59. Ra7 Rc1 60. Kg4 Rc4+ 61. f4 Rc1
1/2-1/2

[Event "XVI Carlos Torre Mem KO"]
[Site "Merida MEX"]
[Date "2003.12.20"]
[Round "4.2"]
[White "Quezada,Y"]
[Black "Filippov,Va"]
[Result "1-0"]
[WhiteElo "2475"]
[BlackElo "2630"]
[EventDate "2003.12.17"]

1. e4 c5 2. Nf3 Nc6 3. Bb5 g6 4. c3 Nf6 5. e5 Nd5 6. O-O Bg7 7. d4 cxd4 8.
cxd4 O-O 9. Nc3 Nc7 10. Bf4 Nxb5 11. Nxb5 a6 12. Nc3 d6 13. exd6 Bg4 14. d5
Nd4 15. Qe1 Nxf3+ 16. gxf3 e5 17. dxe6 Bxe6 18. Qd2 Qa5 19. Bh6 Rad8 20.
Bxg7 Kxg7 21. Qd4+ f6 22. Rfe1 Qg5+ 23. Kh1 Bh3 24. Re7+ Rf7 25. Rg1 Qh5
26. Re3 Bd7 27. Qb6 Re8 28. Qxb7 Rxe3 29. fxe3 Qc5 30. Qxa6 Qxe3 31. Qe2
Qf4 32. Rd1 Bc6 33. Rd3 g5 34. Qe3 Qb4 35. Qd2 g4 36. Ne4 Qb5 37. Kg1 gxf3
38. Ng3 h5 39. Rd4 Rd7 40. Qf4 Qxb2 41. Nxh5+ Kg8 42. Nxf6+ Kg7 43. Ne8+
Kg8 44. Qg5+ Kf8 45. Rf4+ Rf7 46. Qe7+ 1-0